Plant physiology: A treatise. V 3. Inorganic nutrition of plants (Record no. 20977)

MARC details
000 -LEADER
fixed length control field 00544nam a2200181Ia 4500
082 ## - DEWEY DECIMAL CLASSIFICATION NUMBER
Classification number 581.1
Item number STE.3
245 #0 - TITLE STATEMENT
Title Plant physiology: A treatise. V 3. Inorganic nutrition of plants
260 ## - PUBLICATION, DISTRIBUTION, ETC. (IMPRINT)
Place of publication New York
Name of publisher Academic
Year of publication 1963
490 ## - SERIES STATEMENT
Series statement Inorganic nutrition of plants. V 3
650 ## - SUBJECT ADDED ENTRY--TOPICAL TERM
Topical Term Biological nitrogen fixation
650 ## - SUBJECT ADDED ENTRY--TOPICAL TERM
Topical Term Essential mineral
650 ## - SUBJECT ADDED ENTRY--TOPICAL TERM
Topical Term Mineral nutrition
650 ## - SUBJECT ADDED ENTRY--TOPICAL TERM
Topical Term Plant physiology
650 ## - SUBJECT ADDED ENTRY--TOPICAL TERM
Topical Term Soil microbial activity
700 ## - ADDED ENTRY--PERSONAL NAME
Personal name STEWARD, F C
942 ## - ADDED ENTRY ELEMENTS (KOHA)
Koha item type Books
Holdings
Withdrawn status Lost status Damaged status Not for loan Home library Current library Date acquired Full call number Accession Number Koha item type
        RRII Library RRII Library 16/12/2021 581.1 STE.3 01699 Books